| 000 | 00376nam a2200157Ia 4500 | ||
|---|---|---|---|
| 008 | 210210b1951 xxu||||| |||| 00| 0 eng d | ||
| 041 | _aeng | ||
| 082 | _a825/892 | ||
| 100 | _aWARD (A C) | ||
| 245 | _aBernard shaw | ||
| 260 |
_aLondon _bLongmans Green and Company Limited _c1951 |
||
| 650 | _ashaw | ||
| 650 | _aBernard | ||
| 690 | _aEnglish Criticism | ||
| 906 | _a015207 | ||
| 999 |
_c134524 _d134524 |
||